[Event "VIE-chT (Women)"]
[Site "Hanoi"]
[Date "2012.09.26"]
[Round "9"]
[White "Le, Kieu Thien Kim"]
[Black "Nguyen, Thi Tuong Van"]
[Result "1/2-1/2"]
[WhiteElo "2226"]
[BlackElo "2197"]
[PlyCount "30"]
[EventDate "2012.09.21"]
[EventType "team-tourn"]
[EventRounds "9"]
[EventCountry "VIE"]
[SourceTitle "CBM 150 Extra"]
[Source "ChessBase"]
[SourceDate "2012.10.19"]
[SourceVersion "1"]
[SourceVersionDate "2012.10.19"]
[SourceQuality "1"]

1. d4 d5 2. c4 c6 3. cxd5 cxd5 4. Nc3 Nf6 5. Nf3 Nc6 6. Bf4 Bf5 7. e3 a6 8. Bd3 Bxd3 9. Qxd3 e6 10. 0-0 Bd6 11. Bxd6 Qxd6 12. h3 0-0 13. Rfc1 Rac8 14. Ne2 h6 15. a3 Ne7 1/2-1/2

[Event "VIE-chT (Women)"]
[Site "Hanoi"]
[Date "2012.09.24"]
[Round "5"]
[White "Hoang, Thi Bao Tram"]
[Black "Nguyen, Thi Tuong Van"]
[Result "1-0"]
[WhiteElo "2349"]
[BlackElo "2197"]
[PlyCount "93"]
[EventDate "2012.09.21"]
[EventType "team-tourn"]
[EventRounds "9"]
[EventCountry "VIE"]
[SourceTitle "CBM 150 Extra"]
[Source "ChessBase"]
[SourceDate "2012.10.19"]
[SourceVersion "1"]
[SourceVersionDate "2012.10.19"]
[SourceQuality "1"]

1. Nf3 Nf6 2. b3 d5 3. Bb2 e6 4. e3 Be7 5. d4 b6 6. Nbd2 Bb7 7. Bd3 Nbd7 8. c4 0-0 9. 0-0 c5 10. cxd5 Nxd5 11. Rc1 cxd4 12. Nxd4 Nc5 13. Bb1 Rc8 14. N2f3 Ba6 15. Re1 Nb4 16. Ne5 Bf6 17. a3 Na2 18. Bxa2 Bxe5 19. Bb1 Bf6 20. b4 e5 21. bxc5 exd4 22. exd4 bxc5 23. Qc2 g6 24. dxc5 Bxb2 25. Qxb2 Qa5 26. Qb4 Qc7 27. h4 Rfe8 28. Rxe8+ Rxe8 29. Qa4 Re6 30. h5 Bb7 31. Qd4 gxh5 32. Rd1 Re5 33. Qd3 f6 34. Ba2+ Kg7 35. Qg3+ Kh6 36. Qf4+ Kg7 37. Rd6 Qe7 38. Qd4 Bc8 39. Rd8 Be6 40. c6 Re1+ 41. Kh2 Qc7+ 42. f4 Qxc6 43. Qxa7+ Kg6 44. f5+ Kxf5 45. Qf2+ Kg6 46. Qxe1 Bxa2 47. Qe8+ 1-0

[Event "VIE-chT (Women)"]
[Site "Hanoi"]
[Date "2012.09.22"]
[Round "3"]
[White "Tran, Thi Kim Loan"]
[Black "Nguyen, Thi Tuong Van"]
[Result "0-1"]
[WhiteElo "2024"]
[BlackElo "2197"]
[PlyCount "100"]
[EventDate "2012.09.21"]
[EventType "team-tourn"]
[EventRounds "9"]
[EventCountry "VIE"]
[SourceTitle "CBM 150 Extra"]
[Source "ChessBase"]
[SourceDate "2012.10.19"]
[SourceVersion "1"]
[SourceVersionDate "2012.10.19"]
[SourceQuality "1"]

1. d4 d5 2. c4 e6 3. Nc3 Nf6 4. Bg5 Be7 5. e3 0-0 6. Nf3 h6 7. Bf4 Nbd7 8. h3 c5 9. cxd5 Nxd5 10. Nxd5 exd5 11. Be2 c4 12. 0-0 b5 13. b3 Bb7 14. Qc2 Rc8 15. Rfc1 Bc6 16. a4 a6 17. axb5 axb5 18. Ra6 Bb7 19. Ra7 Qb6 20. Rca1 Ra8 21. Rxa8 Rxa8 22. Rb1 Qa6 23. bxc4 bxc4 24. e4 Nf6 25. exd5 Bxd5 26. Ne5 Be4 27. Qc1 Bxb1 28. Bxc4 Qa1 29. Bxf7+ Kh7 30. Kh2 Be4 31. Qc7 Qa7 32. Qc3 Rd8 33. f3 Bf5 34. Nc6 Rc8 35. d5 Qc5 36. Qe5 Rxc6 37. dxc6 Qxe5 38. Bxe5 g6 39. Bc4 Bc8 40. g4 Ne8 41. Kg2 Bd6 42. Bd4 Nc7 43. Be3 Ne6 44. Bxe6 Bxe6 45. f4 Bd5+ 46. Kf2 Bxc6 47. h4 h5 48. gxh5 gxh5 49. Kg3 Kg6 50. Bd2 Kf5 0-1

[Event "Asia-chT (Women) 16th"]
[Site "Guangzhou"]
[Date "2010.11.21"]
[Round "4"]
[White "Meenakshi, Subbaraman"]
[Black "Nguyen, Thi Tuong Van"]
[Result "1/2-1/2"]
[WhiteElo "2328"]
[BlackElo "2214"]
[PlyCount "65"]
[EventDate "2010.11.18"]
[EventType "team-swiss"]
[EventRounds "9"]
[EventCountry "CHN"]
[SourceTitle "CBM 139 Extra"]
[Source "ChessBase"]
[SourceDate "2011.01.05"]
[SourceVersion "1"]
[SourceVersionDate "2011.01.05"]
[SourceQuality "1"]
[WhiteTeam "India (W)"]
[BlackTeam "Vietnam (W)"]
[WhiteTeamCountry "IND"]
[BlackTeamCountry "VIE"]

1. d4 d5 2. c4 e6 3. e3 Nf6 4. Nf3 Be7 5. b3 0-0 6. Bb2 b6 7. Bd3 Bb7 8. Nc3 c5 9. 0-0 cxd4 10. Nxd4 Nc6 11. Nxc6 Bxc6 12. Qe2 Qb8 13. cxd5 Nxd5 14. Nxd5 Bxd5 15. Qg4 g6 16. Qd4 f6 17. e4 Bc5 18. Qc3 Bb7 19. Bc4 Qe8 20. b4 Bd6 21. Qb3 Kg7 22. Bxe6 Qb5 23. Rfd1 Rad8 24. Bd5 Bxd5 25. Rxd5 Qxb4 26. Qxb4 Bxb4 27. Rad1 Rxd5 28. Rxd5 Rf7 29. g4 Kf8 30. Kg2 Ke7 31. f4 Rf8 32. Kf3 Rc8 33. g5 1/2-1/2

[Event "VIE-ch (Women)"]
[Site "Ho Chi Minh City"]
[Date "2010.03.30"]
[Round "8"]
[White "Nguyen, Thi Tuong Van"]
[Black "Pham, Le Thao Nguyen"]
[Result "0-1"]
[WhiteElo "2207"]
[BlackElo "2325"]
[PlyCount "68"]
[EventDate "2010.03.26"]
[EventType "swiss"]
[EventRounds "9"]
[EventCountry "VIE"]
[SourceTitle "CBM 135 Extra"]
[Source "ChessBase"]
[SourceDate "2010.05.04"]
[SourceVersion "1"]
[SourceVersionDate "2010.05.04"]
[SourceQuality "1"]

1. e4 Nf6 2. e5 Nd5 3. d4 d6 4. Nf3 Nb6 5. a4 a5 6. Nc3 g6 7. Bf4 Bg7 8. h3 0-0 9. Bd3 Nc6 10. 0-0 Nxd4 11. Re1 Nxf3+ 12. Qxf3 Nd7 13. Rad1 Nc5 14. Nd5 Be6 15. Bg5 Bxd5 16. Qxd5 Ne6 17. Bh4 c6 18. Qb3 Qd7 19. Qa3 Rae8 20. c4 Qc7 21. exd6 exd6 22. b4 axb4 23. Qxb4 Be5 24. Rb1 Nc5 25. Bc2 f6 26. Qd2 Ne6 27. Bg3 Qg7 28. Kh2 f5 29. Bxe5 dxe5 30. Qb4 Re7 31. Rbd1 Rfe8 32. c5 Nd4 33. Bb1 Qh6 34. g3 Nf3+ 0-1

[Event "VIE-ch (Women)"]
[Site "Ho Chi Minh City"]
[Date "2010.03.28"]
[Round "4"]
[White "Nguyen, Thi Tuong Van"]
[Black "Pham Thi Thu, Hien"]
[Result "1/2-1/2"]
[WhiteElo "2207"]
[BlackElo "2034"]
[PlyCount "98"]
[EventDate "2010.03.26"]
[EventType "swiss"]
[EventRounds "9"]
[EventCountry "VIE"]
[SourceTitle "CBM 135 Extra"]
[Source "ChessBase"]
[SourceDate "2010.05.04"]
[SourceVersion "1"]
[SourceVersionDate "2010.05.04"]
[SourceQuality "1"]

1. e4 c5 2. Nf3 d6 3. d4 cxd4 4. Nxd4 Nf6 5. Nc3 a6 6. Be3 e6 7. f3 Be7 8. Qd2 Qc7 9. 0-0-0 Nc6 10. g4 b5 11. g5 Nd7 12. Nxc6 Qxc6 13. Qd4 Rg8 14. Bg2 Ne5 15. f4 Nc4 16. Rhe1 Nxe3 17. Qxe3 Bb7 18. Nd5 Rc8 19. Rd2 Qc5 20. Nxe7 Qxe3 21. Rxe3 Kxe7 22. h4 Rc4 23. b3 Rc5 24. Kb2 Rgc8 25. a3 Rd8 26. Rc3 Rdc8 27. Re3 Ba8 28. Bf1 Bb7 29. b4 R5c7 30. Bd3 Rh8 31. e5 Rd7 32. f5 dxe5 33. fxe6 fxe6 34. Rxe5 Rd5 35. Re3 g6 36. Rde2 Bc8 37. c4 bxc4 38. Bxc4 Rd6 39. Re5 Rc6 40. Kb3 Rf8 41. R5e4 Rf3+ 42. R2e3 Rxe3+ 43. Rxe3 Kd6 44. Rf3 Rc7 45. Rf6 Re7 46. Ka4 Rc7 47. Kb3 Re7 48. Ka4 Rc7 49. Kb3 Re7 1/2-1/2

[Event "VIE-ch (Women)"]
[Site "Ho Chi Minh City"]
[Date "2009.12.14"]
[Round "7"]
[White "Hoang, Thi Bao Tram"]
[Black "Nguyen, Thi Tuong Van"]
[Result "1-0"]
[WhiteElo "2274"]
[BlackElo "2246"]
[PlyCount "73"]
[EventDate "2009.12.10"]
[EventType "swiss"]
[EventRounds "9"]
[EventCountry "VIE"]
[SourceTitle "CBM 133 Extra"]
[Source "ChessBase"]
[SourceDate "2010.01.05"]
[SourceVersion "1"]
[SourceVersionDate "2010.01.05"]
[SourceQuality "1"]

1. d4 d5 2. Nf3 Nf6 3. Bf4 c6 4. c4 e6 5. Nc3 Nbd7 6. e3 Be7 7. Bd3 0-0 8. cxd5 exd5 9. 0-0 h6 10. a3 Nh5 11. Bg3 Nxg3 12. hxg3 f5 13. Ne2 Nf6 14. Qc2 Ne4 15. Ne5 Bf6 16. Bxe4 fxe4 17. f4 exf3 18. gxf3 Bxe5 19. dxe5 Be6 20. Rad1 Qg5 21. Qb3 Rf7 22. Rf2 Raf8 23. f4 Qg4 24. Rg2 g5 25. Nd4 gxf4 26. exf4 Bc8 27. Rf1 h5 28. Qd3 h4 29. f5 h3 30. Rgf2 Rh7 31. Kh2 c5 32. Ne2 d4 33. Qc4+ Kh8 34. f6 Bd7 35. e6 Be8 36. f7 Bc6 37. e7 1-0

[Event "VIE-ch (Women)"]
[Site "Ho Chi Minh City"]
[Date "2009.12.14"]
[Round "6"]
[White "Nguyen, Thi Tuong Van"]
[Black "Pham, Duc Tri1111"]
[Result "1/2-1/2"]
[WhiteElo "2246"]
[BlackElo "2105"]
[PlyCount "63"]
[EventDate "2009.12.10"]
[EventType "swiss"]
[EventRounds "9"]
[EventCountry "VIE"]
[SourceTitle "CBM 133 Extra"]
[Source "ChessBase"]
[SourceDate "2010.01.05"]
[SourceVersion "1"]
[SourceVersionDate "2010.01.05"]
[SourceQuality "1"]

1. e4 c5 2. Nf3 Nc6 3. d4 cxd4 4. Nxd4 g6 5. Nc3 Bg7 6. Be3 d6 7. Qd2 Nf6 8. f3 0-0 9. Bc4 Bd7 10. 0-0-0 Rc8 11. Bb3 Ne5 12. Kb1 Nc4 13. Bxc4 Rxc4 14. g4 Qc7 15. g5 Nh5 16. Nd5 Qd8 17. Ne2 Be6 18. Bxa7 Ra4 19. Be3 Bxd5 20. Qxd5 Qd7 21. c3 Rfa8 22. a3 R4a5 23. Qd3 Qe6 24. Nd4 Bxd4 25. cxd4 d5 26. Rc1 Qh3 27. Bd2 dxe4 28. Qxe4 Rb5 29. Bb4 e6 30. f4 Qf5 31. Qxf5 Rxf5 32. Rc7 1/2-1/2

[Event "VIE-ch (Women)"]
[Site "Ho Chi Minh City"]
[Date "2009.12.13"]
[Round "5"]
[White "Nguyen Thi Diem, Huong"]
[Black "Nguyen, Thi Tuong Van"]
[Result "0-1"]
[WhiteElo "1993"]
[BlackElo "2246"]
[PlyCount "140"]
[EventDate "2009.12.10"]
[EventType "swiss"]
[EventRounds "9"]
[EventCountry "VIE"]
[SourceTitle "CBM 133 Extra"]
[Source "ChessBase"]
[SourceDate "2010.01.05"]
[SourceVersion "1"]
[SourceVersionDate "2010.01.05"]
[SourceQuality "1"]

1. e4 c5 2. Nf3 d6 3. d4 cxd4 4. Nxd4 Nf6 5. Nc3 g6 6. Bc4 Bg7 7. Be3 0-0 8. h3 Nc6 9. Bb3 Bd7 10. 0-0 a6 11. Qd2 Rc8 12. Rfe1 Na5 13. Rad1 Nc4 14. Qc1 Nxe3 15. Qxe3 Qc7 16. f4 e6 17. e5 Ne8 18. Kh1 b5 19. a3 Kh8 20. h4 h5 21. Rd3 Bc6 22. Nxc6 Qxc6 23. Ne4 dxe5 24. fxe5 Nc7 25. Nd6 Ra8 26. Rc3 Qd7 27. Qc5 Qe7 28. Re4 Ne8 29. Rf3 Nxd6 30. exd6 Qd7 31. Rd3 Rac8 32. Qg5 Rc6 33. g4 Rxd6 34. Ree3 Qc6+ 35. Kh2 Rxd3 36. Rxd3 Qe4 37. gxh5 Be5+ 38. Kg1 Qe1+ 39. Kg2 Qe2+ 40. Kg1 Qxh5 41. Qxh5+ gxh5 42. c3 Rg8+ 43. Kf2 Rg4 44. Rh3 Kg7 45. Bd1 Rf4+ 46. Ke3 Kh6 47. Be2 f5 48. Rh1 Re4+ 49. Kf3 Bf6 50. Rd1 Bxh4 51. Rd6 Kg5 52. Rxa6 Rf4+ 53. Ke3 Bf2+ 54. Kd2 e5 55. Bxb5 h4 56. Bf1 Bg3 57. Bh3 Rf2+ 58. Ke3 Rh2 59. Bf1 Rxb2 60. Ra8 Bf2+ 61. Kd3 e4+ 62. Kc4 e3 63. Re8 Kf4 64. a4 Kf3 65. a5 e2 66. Bxe2+ Rxe2 67. Rh8 f4 68. a6 Ra2 69. Kb5 Rb2+ 70. Ka5 Kg2 0-1

[Event "VIE-ch (Women)"]
[Site "Ho Chi Minh City"]
[Date "2009.12.11"]
[Round "2"]
[White "Nguyen, Thi Tuong Van"]
[Black "Nguyen, Thi Thanh An"]
[Result "0-1"]
[WhiteElo "2246"]
[BlackElo "2330"]
[PlyCount "106"]
[EventDate "2009.12.10"]
[EventType "swiss"]
[EventRounds "9"]
[EventCountry "VIE"]
[SourceTitle "CBM 133 Extra"]
[Source "ChessBase"]
[SourceDate "2010.01.05"]
[SourceVersion "1"]
[SourceVersionDate "2010.01.05"]
[SourceQuality "1"]

1. e4 c5 2. Nf3 Nc6 3. d4 cxd4 4. Nxd4 Nf6 5. Nc3 d6 6. Bg5 Bd7 7. Qd2 Rc8 8. 0-0-0 Nxd4 9. Qxd4 Qa5 10. f4 h6 11. Bxf6 gxf6 12. Kb1 h5 13. Be2 Bg7 14. Nd5 Be6 15. Rhf1 Qc5 16. Qa4+ Bd7 17. Qb3 f5 18. exf5 Bxf5 19. Bd3 Bd7 20. Qxb7 e6 21. Rfe1 Kd8 22. Ne3 Rc7 23. Qa8+ Bc8 24. Nc4 Ke7 25. Qf3 Rb7 26. Ka1 Rb4 27. Qg3 Bf6 28. f5 h4 29. Qe3 Qxe3 30. Rxe3 Ba6 31. Ne5 Bxe5 32. Bxa6 Bxb2+ 33. Kb1 Be5+ 34. Rb3 Rxb3+ 35. axb3 Bxh2 36. fxe6 fxe6 37. Be2 Rb8 38. Rd4 Bg3 39. Rg4 Kf6 40. Kc1 d5 41. Bf3 Rb5 42. Rg8 Rc5 43. Rd8 a5 44. Kd2 Ke7 45. Rg8 e5 46. Rg6 e4 47. Bg4 Kf7 48. Ra6 Bf4+ 49. Kd1 d4 50. Re6 d3 51. cxd3 exd3 52. Ke1 d2+ 53. Kf2 d1Q 0-1

[Event "Ho Chi Minh City op"]
[Site "Ho Chi Minh City"]
[Date "2009.12.07"]
[Round "8"]
[White "Nguyen, Thi Tuong Van"]
[Black "Bao, Khoa"]
[Result "1/2-1/2"]
[WhiteElo "2246"]
[BlackElo "2161"]
[PlyCount "99"]
[EventDate "2009.12.03"]
[EventType "swiss"]
[EventRounds "9"]
[EventCountry "VIE"]
[SourceTitle "CBM 133 Extra"]
[Source "ChessBase"]
[SourceDate "2010.01.05"]
[SourceVersion "1"]
[SourceVersionDate "2010.01.05"]
[SourceQuality "1"]

1. e4 c5 2. Nf3 Nc6 3. d4 cxd4 4. Nxd4 Nf6 5. Nc3 e5 6. Ndb5 d6 7. Bg5 a6 8. Na3 b5 9. Nd5 Be7 10. Bxf6 Bxf6 11. c4 b4 12. Nc2 Rb8 13. Qd3 Bg5 14. Be2 0-0 15. 0-0 f5 16. Nde3 Ne7 17. Rfd1 Rf6 18. c5 fxe4 19. Qxe4 Bb7 20. Bc4+ Kh8 21. Qg4 Bxe3 22. Nxe3 d5 23. Qg3 Qg8 24. Bb3 Qe6 25. Ng4 Rf5 26. Re1 Ng6 27. Ne3 Rf4 28. Rad1 Rd8 29. Qg5 Rff8 30. h4 Nf4 31. Bc2 d4 32. Nf5 Qf6 33. Qxf6 gxf6 34. Be4 Bxe4 35. Rxe4 Rd5 36. c6 Ne6 37. Rc1 Rc5 38. Rxc5 Nxc5 39. Re1 Rc8 40. Ne7 Rc7 41. Rc1 Rxe7 42. Rxc5 Rc7 43. Kf1 Kg7 44. f4 exf4 45. Ke2 Kf7 46. Kd3 Ke6 47. Kxd4 Kd6 48. Rf5 Ke6 49. Rc5 Kd6 50. Rf5 1/2-1/2

[Event "Ho Chi Minh City op"]
[Site "Ho Chi Minh City"]
[Date "2009.12.03"]
[Round "2"]
[White "Duong, The Anh"]
[Black "Nguyen, Thi Tuong Van"]
[Result "1-0"]
[WhiteElo "2440"]
[BlackElo "2246"]
[PlyCount "85"]
[EventDate "2009.12.03"]
[EventType "swiss"]
[EventRounds "9"]
[EventCountry "VIE"]
[SourceTitle "CBM 133 Extra"]
[Source "ChessBase"]
[SourceDate "2010.01.05"]
[SourceVersion "1"]
[SourceVersionDate "2010.01.05"]
[SourceQuality "1"]

1. d4 d5 2. c4 c6 3. Nf3 Nf6 4. Qc2 dxc4 5. Qxc4 Bf5 6. g3 Nbd7 7. Bg2 e6 8. 0-0 Be7 9. Nc3 0-0 10. Re1 Ne4 11. Qb3 Qb6 12. Nh4 Bxh4 13. gxh4 Nef6 14. e4 Bg6 15. Qxb6 axb6 16. Bf4 Rfe8 17. Rad1 b5 18. Bd6 e5 19. d5 b4 20. dxc6 bxc6 21. Bxb4 Reb8 22. Ba3 Nb6 23. Bd6 Re8 24. b3 Nfd7 25. Bh3 Ra7 26. f3 f6 27. Re2 Bf7 28. Rc2 Be6 29. Bxe6+ Rxe6 30. Ne2 c5 31. Nc1 Ra5 32. b4 cxb4 33. Bxb4 Ra7 34. Ne2 Kf7 35. h5 Ke8 36. Ng3 g6 37. h4 Nb8 38. h6 Rd7 39. Rxd7 Kxd7 40. h5 g5 41. Rd2+ Kc8 42. Nf5 Nc4 43. Rc2 1-0

[Event "Ho Chi Minh City zt 3.3 (Women)"]
[Site "Ho Chi Minh City"]
[Date "2009.07.28"]
[Round "8"]
[White "Hoang, Thi Bao Tram"]
[Black "Nguyen, Thi Tuong Van"]
[Result "1-0"]
[WhiteElo "2274"]
[BlackElo "2246"]
[PlyCount "65"]
[EventDate "2009.07.23"]
[EventType "swiss"]
[EventRounds "9"]
[EventCountry "VIE"]
[SourceTitle "CBM 131 Extra"]
[Source "ChessBase"]
[SourceDate "2009.09.03"]
[SourceVersion "2"]
[SourceVersionDate "2009.09.16"]
[SourceQuality "1"]

1. d4 d5 2. c4 c6 3. Nc3 Nf6 4. Nf3 e6 5. cxd5 exd5 6. Bg5 Bd6 7. e3 0-0 8. Qb3 Re8 9. Bd3 a5 10. 0-0 Na6 11. Rae1 b6 12. e4 Nb4 13. Bb1 dxe4 14. Nxe4 Be6 15. Bxf6 gxf6 16. Nxd6 Qxd6 17. Qe3 Bxa2 18. Qxe8+ Rxe8 19. Rxe8+ Kg7 20. Bxa2 Nxa2 21. Rfe1 Nb4 22. Nh4 Qd7 23. R1e3 f5 24. R3e7 Qd5 25. Re5 Qa2 26. Nxf5+ Kf6 27. g4 Nd3 28. h4 h6 29. Rd8 Nxe5 30. Rd6+ Qe6 31. Rxe6+ Kxe6 32. dxe5 Kxe5 33. Nxh6 1-0

[Event "VIE-ch KO (Women)"]
[Site "Hanoi"]
[Date "2009.02.23"]
[Round "1.1"]
[White "Le, Kieu Thien Kim"]
[Black "Nguyen, Thi Tuong Van"]
[Result "1-0"]
[WhiteElo "2277"]
[BlackElo "2274"]
[PlyCount "127"]
[EventDate "2009.02.15"]
[EventType "k.o."]
[EventRounds "2"]
[EventCountry "VIE"]
[SourceTitle "EXT 2012"]
[Source "ChessBase"]
[SourceDate "2011.11.24"]
[SourceVersion "1"]
[SourceVersionDate "2011.11.24"]
[SourceQuality "1"]

1. d4 d5 2. Nf3 Nf6 3. c4 c6 4. e3 e6 5. Nc3 Nbd7 6. Qc2 Bd6 7. Bd3 dxc4 8. Bxc4 b5 9. Bd3 0-0 10. 0-0 Bb7 11. Rd1 b4 12. Na4 Qe7 13. e4 e5 14. h3 c5 15. d5 Bxd5 16. exd5 e4 17. Re1 exd3 18. Qxd3 Qd8 19. Be3 c4 20. Qxc4 Qa5 21. Qc6 Qxd5 22. Qxd5 Nxd5 23. Rad1 N7f6 24. Bg5 Rfd8 25. Nd4 h6 26. Bxf6 Nxf6 27. Nc6 Rd7 28. g3 Rc8 29. Nd4 Bxg3 30. Nf5 Bxf2+ 31. Kxf2 Rc2+ 32. Kg1 Rxd1 33. Rxd1 Ne4 34. Nd4 Rc4 35. Kg2 g6 36. b3 Rc7 37. Re1 f5 38. Re2 Kf7 39. Rc2 Rd7 40. Nc6 Kf6 41. Nxb4 a5 42. Nc6 Rd3 43. Nxa5 f4 44. Nc5 Rg3+ 45. Kf1 Nxc5 46. Rxc5 Rxh3 47. Nc4 g5 48. Nd6 Rh1+ 49. Kg2 Rb1 50. Ne4+ Kg6 51. Nc3 Rb2+ 52. Kf3 Kh5 53. Rc6 Rh2 54. b4 Rh3+ 55. Kg2 g4 56. b5 Rg3+ 57. Kf2 Rf3+ 58. Ke2 Re3+ 59. Kd2 g3 60. Nd5 Rf3 61. Rc8 Rf2+ 62. Kd3 Kg4 63. Rg8+ Kh3 64. b6 1-0

[Event "VIE-ch (Women) qual"]
[Site "Hanoi"]
[Date "2009.02.19"]
[Round "7"]
[White "Le, Thanh Tu"]
[Black "Nguyen, Thi Tuong Van"]
[Result "1/2-1/2"]
[WhiteElo "2326"]
[BlackElo "2274"]
[PlyCount "72"]
[EventDate "2009.02.15"]
[EventType "swiss"]
[EventRounds "9"]
[EventCountry "VIE"]
[SourceTitle "EXT 2012"]
[Source "ChessBase"]
[SourceDate "2011.11.24"]
[SourceVersion "1"]
[SourceVersionDate "2011.11.24"]
[SourceQuality "1"]

1. c4 Nf6 2. Nc3 e6 3. Nf3 d5 4. d4 c6 5. e3 Nbd7 6. Qc2 Bd6 7. b3 b6 8. Bd3 Bb7 9. 0-0 0-0 10. Bb2 Qe7 11. Rad1 Rfd8 12. e4 dxe4 13. Nxe4 Nxe4 14. Bxe4 Nf6 15. Bd3 h6 16. Ne5 c5 17. dxc5 Bxc5 18. Qe2 Rac8 19. h3 Ba8 20. Ng4 Nxg4 21. Qxg4 Qg5 22. Qxg5 hxg5 23. Bc3 Kf8 24. Bc2 Be7 25. Rfe1 Rxd1 26. Rxd1 Rd8 27. Rxd8+ Bxd8 28. f3 f5 29. Kf2 Kf7 30. Ke3 Bc7 31. Bd3 g6 32. b4 Bd6 33. a3 e5 34. Bc2 Kf6 35. Ba4 Bb7 36. Bc2 Bc8 1/2-1/2

[Event "Wch U20 Girls 16th"]
[Site "Calicut"]
[Date "1998.11.18"]
[Round "2"]
[White "Nguyen, Thi Tuong Van"]
[Black "Mrvova, Alena"]
[Result "1-0"]
[WhiteElo "2220"]
[BlackElo "2175"]
[PlyCount "63"]
[EventDate "1998.11.17"]
[EventType "swiss"]
[EventRounds "13"]
[EventCountry "IND"]
[SourceTitle "CBM 067 Extra"]
[Source "ChessBase"]
[SourceDate "1999.01.01"]
[SourceVersion "1"]
[SourceVersionDate "1999.01.01"]
[SourceQuality "1"]

1. e4 c5 2. Nc3 Nc6 3. g3 e5 4. Bg2 g6 5. d3 Bg7 6. Nge2 Nge7 7. 0-0 0-0 8. Be3 d6 9. Qd2 Nd4 10. Rab1 Be6 11. f4 Rb8 12. a3 f5 13. Nd5 Bxd5 14. exd5 Nxe2+ 15. Qxe2 b5 16. b4 cxb4 17. axb4 Qc7 18. fxe5 Bxe5 19. c4 a5 20. cxb5 a4 21. b6 Qd7 22. b5 Nc8 23. Qf2 a3 24. Rfc1 Qe8 25. Rc6 Rf7 26. Bd4 a2 27. Re1 Ne7 28. Bxe5 dxe5 29. d6 Nxc6 30. bxc6 e4 31. d7 Rxd7 32. cxd7 1-0